Cao Bá Quát Con người và tư tưởng

Nghiên cứu về con người và tư tưởng của Cao Bá Quát qua: Điều kiện lịch sử và sự xuất hiện Cao Bá Quát; cuộc đời và bước đường phta triển tư tưởng của Cao Bá Quát; con người và phẩm chất đạo đức, tư tưởng chính trị xã hội, những quan điểm về lịch sử, nhân sinh; quan điểm sáng tác và nghệ thuật thơ c...

Mô tả đầy đủ

Đã lưu trong:
Chi tiết về thư mục
Tác giả chính: Nguyễn Tài Thư
Định dạng: Sách
Ngôn ngữ:Vietnamese
Được phát hành: H. Khoa học xã hội 1980
Những chủ đề:
Các nhãn: Thêm thẻ
Không có thẻ, Là người đầu tiên thẻ bản ghi này!
Thư viện lưu trữ: Mạng thư viện Đại học Đà Nẵng
LEADER 01501nam a22003498a 4500
001 000014266
003 10626
005 20120425080452.0
008 120425s1980 b 000 0 vieod
020 |c 28000đ  |d 6400b 
041 0 |a vie 
082 |a 895.92212  |b NG-T 
084 |a P3(1)5-8  |b C108B 
100 1 |a Nguyễn Tài Thư 
245 1 0 |a Cao Bá Quát  |b Con người và tư tưởng  |c Nguyễn Tài Thư 
260 |a H.  |b Khoa học xã hội  |c 1980 
300 |a 219tr  |c 19cm 
520 |a Nghiên cứu về con người và tư tưởng của Cao Bá Quát qua: Điều kiện lịch sử và sự xuất hiện Cao Bá Quát; cuộc đời và bước đường phta triển tư tưởng của Cao Bá Quát; con người và phẩm chất đạo đức, tư tưởng chính trị xã hội, những quan điểm về lịch sử, nhân sinh; quan điểm sáng tác và nghệ thuật thơ ca 
653 |a Lịch sử trung đại 
653 |a Việt Nam 
653 |a Cao Bá Quát 
653 |a văn học trung đại 
OWN |a LSP 
AVA |a UDN50  |b LSP  |d 895.92212 NG-T  |e available  |t Error 5001 Not defined in file expand_doc_bib_avail.  |f 3  |g 0  |h N  |i 0  |k 1 
999 |a From the UDN01 
AVA |a UDN50  |b LSP  |d 895.92212 NG-T  |e available  |t Error 5001 Not defined in file expand_doc_bib_avail.  |f 3  |g 0  |h N  |i 0  |k 1 
TYP |a Monograph 
TYP |a Printed language 
980 |a Mạng thư viện Đại học Đà Nẵng